00477nmm a2200169Ia 4500008004100000020001800041041000800059100003200067245003800099264004200137300001800179490001200197650002300209856005100232942000700283999001700290251105s9999||||xx |||||||||||||||||und|| a9788496290495 aspa aAlarcón, Pedro Antonio de 0aJuicios literarios y artísticos a[Madrid, España] :bLinkgua, c2011 a178 páginas aMemoria aSpanish literature uhttps://public.digitaliapublishing.com/a/15142 cCF c89759d89759